|
|
|
|
| LEADER |
00000nam0a2200000 4500 |
| 001 |
346844 |
| 005 |
20231102005930.0 |
| 010 |
|
|
|a 9785972908431
|
| 035 |
|
|
|a (RuTPU)RU\TPU\book\378729
|
| 090 |
|
|
|a 346844
|
| 100 |
|
|
|a 20211119d2022 k y0rusy50 ca
|
| 101 |
0 |
|
|a rus
|
| 102 |
|
|
|a RU
|
| 105 |
|
|
|a a z 001zy
|
| 200 |
1 |
|
|a Ветроэнергетические установки
|e монография
|f В. К. Власов
|
| 210 |
|
|
|a Москва
|a Вологда
|c Инфра-Инженерия
|d 2022
|
| 215 |
|
|
|a 311 с.
|c ил.
|
| 320 |
|
|
|a Библиогр.: с. 305-311
|
| 330 |
|
|
|a Рассмотрены ресурсы ветроэнергетики. Приведены закономерности поведения ветра при взаимодействии с препятствиями, энергетические характеристики ветра. Подробно описаны первые опыты получения электроэнергии из ветра. Показана динамика развития ветроэнергетики как в масштабах мира, так и в отдельных лидирующих в этой отрасли странах. Освещены вопросы конструкций ветрогенераторов морского базирования. Дан обзор развития ветрогенераторов альтернативного типа: роторные, спиральные, вибрационные, летающие, а также приведены реализованные проекты, объединяющие ветроэнергетику с архитектурой. Для широкого круга читателей, исследователей, любителей техники и разработчиков объектов альтернативной энергетики, изобретателей.
|
| 606 |
1 |
|
|a Ветроэнергетические ресурсы
|2 stltpush
|3 (RuTPU)RU\TPU\subj\2336
|9 30916
|
| 610 |
1 |
|
|a ветроэнергетические установки
|
| 610 |
1 |
|
|a ветроэнергетика
|
| 610 |
1 |
|
|a ветряные мельницы
|
| 610 |
1 |
|
|a ветронасосные установки
|
| 610 |
1 |
|
|a ветроэлектрические установки
|
| 610 |
1 |
|
|a ветрогенераторы
|
| 610 |
1 |
|
|a страны мира
|
| 610 |
1 |
|
|a исторические аспекты
|
| 610 |
1 |
|
|a монографии
|
| 675 |
|
|
|a 621.548
|v 4
|
| 700 |
|
1 |
|a Власов
|b В. К.
|g Валентин Константинович
|
| 801 |
|
1 |
|a RU
|b 63413507
|c 20211119
|
| 801 |
|
2 |
|a RU
|b 63413507
|c 20220112
|g RCR
|
| 942 |
|
|
|c BK
|
| 959 |
|
|
|a 10/20211119
|d 2
|e 1200,00
|f УФ:1
|f ЧЗТЛ:1
|